000 00744nam a2200229 a 4500
999 _c3056
_d3056
001 3056
003 BD-JhCC
005 20171109184408.0
008 171109s1999 bg |||| ||a| 000 0 ben d
020 _a984816085X
035 _a(BD-JhCC)3056
040 _aBD-JhCC
_dBD-JhCC
041 _aeng
082 _a891.442
_bBAN 1999
245 _aবাংলাদেশের নাট্যচর্চার তিন দশক /
_cরামেন্দু মজুমদার সম্পাদিত
260 _aঢাকা :
_bঅন্যপ্রকাশ,
_c১৯৯৯.
300 _a248 p. :
_c21 cm.
650 _aBengali Drama
700 _aমজুমদার, রামেন্দু
942 _2ddc
_cBK